000 00339nam a22001457a 4500
008 230613b ||||| |||| 00| 0 eng d
020 _a9780736081672
041 _aeng
080 _2FOURTH EDITION
_a615
082 _a615PED
100 _a22
101 _aMI
245 _aCONTEMPORARY SPORT MANAGEMENT
_cPEDERSEN.M.P
942 _2udc
_cBK
999 _c59944
_d59944